000 00345nam a2200145Ia 4500
008 230711s9999||||xx |||||||||||||| ||und||
041 _aENG
082 _a670
_bCO-D
100 _aCollection of Design
245 0 _aDressage
250 _a1st Ed.
260 _c1992
_aNew Delhi
_bPradeep publishers
650 _aTextile Engineering
942 _cBK
999 _c2987
_d2987